Statistics for Every World Capital by Picture

Click here to take the quiz!

General Stats

  • This quiz has been taken 85 times
    (34 since last reset)
  • The average score is 74 of 200

Answer Stats

Answer% Correct
London
92%
Paris
92%
Berlin
88%
Rome
83%
Beijing
79%
Moscow
79%
Athens
75%
Kuala Lumpur
75%
Pyongyang
75%
New Delhi
71%
Tokyo
71%
Washington D.C.
71%
Brussels
67%
Cape Town
67%
San Marino
67%
Singapore
67%
Harare
63%
Naypyidaw
63%
Taipei
63%
N'Djamena
58%
Riyadh
58%
Vaduz
58%
Vatican City
58%
Vienna
58%
Baku
54%
Bangkok
54%
Budapest
54%
Buenos Aires
54%
Doha
54%
Dublin
54%
Jerusalem
54%
Kathmandu
54%
Phnom Penh
54%
Santiago
54%
Ankara
50%
Havana
50%
Kuwait City
50%
Madrid
50%
Malé
50%
Monaco
50%
Reykjavík
50%
South Tarawa
50%
Tehran
50%
Tirana
50%
Bandar Seri Begawan
46%
Belgrade
46%
Cairo
46%
Canberra
46%
Helsinki
46%
Montevideo
46%
Seoul
46%
Tunis
46%
Abu Dhabi
42%
Astana
42%
Brasília
42%
Hanoi
42%
Islamabad
42%
Manama
42%
Nassau
42%
Panama City
42%
Port Vila
42%
Rabat
42%
San José
42%
Sarajevo
42%
Skopje
42%
Sofia
42%
Ulaanbaatar
42%
Valletta
42%
Amsterdam
38%
Asmara
38%
Dhaka
38%
Gaborone
38%
Kabul
38%
La Paz
38%
Mexico City
38%
Mogadishu
38%
Ngerulmud
38%
Oslo
38%
Prague
38%
Sana'a
38%
Yaren
38%
Addis Ababa
33%
Amman
33%
Antananarivo
33%
Bern
33%
Bogotá
33%
Bucharest
33%
Dakar
33%
Dili
33%
Dushanbe
33%
Khartoum
33%
Kingston
33%
Kyiv
33%
Lisbon
33%
Ljubljana
33%
Luanda
33%
Luxembourg
33%
Majuro
33%
Moroni
33%
Muscat
33%
Nicosia
33%
Pristina
33%
Saint John's
33%
Tallinn
33%
Vientiane
33%
Windhoek
33%
Zagreb
33%
Baghdad
29%
Bangui
29%
Banjul
29%
Castries
29%
Damascus
29%
Djibouti
29%
Dodoma
29%
Freetown
29%
Funafuti
29%
Kampala
29%
Kigali
29%
Niamey
29%
Ottawa
29%
Paramaribo
29%
Port Louis
29%
Quito
29%
Riga
29%
Sri Jayawardenepura Kotte
29%
Stockholm
29%
Thimphu
29%
Victoria
29%
Warsaw
29%
Yamoussoukro
29%
Yerevan
29%
Abuja
25%
Accra
25%
Algiers
25%
Andorra la Vella
25%
Ashgabat
25%
Asunción
25%
Belmopan
25%
Bishkek
25%
Bloemfontein
25%
Brazzaville
25%
Bridgetown
25%
Chișinău
25%
Conakry
25%
Copenhagen
25%
Cotonou
25%
Gitega
25%
Guatemala City
25%
Jakarta
25%
Juba
25%
Lilongwe
25%
Manila
25%
Maputo
25%
Minsk
25%
Nairobi
25%
Nouakchott
25%
Nuku'alofa
25%
Podgorica
25%
Porto-Novo
25%
Pretoria
25%
San Salvador
25%
Tashkent
25%
Tbilisi
25%
Tripoli
25%
Vilnius
25%
Yaoundé
25%
Apia
21%
Bamako
21%
Basseterre
21%
Beirut
21%
Bissau
21%
Bratislava
21%
Caracas
21%
Georgetown
21%
Honiara
21%
Kingstown
21%
Kinshasa
21%
Libreville
21%
Lima
21%
Lomé
21%
Lusaka
21%
Managua
21%
Maseru
21%
Mbabane
21%
Monrovia
21%
Ouagadougou
21%
Palikir
21%
Port-au-Prince
21%
Port Moresby
21%
Port-of-Spain
21%
Praia
21%
Roseau
21%
Saint George's
21%
Santo Domingo
21%
São Tomé
21%
Sucre
21%
Suva
21%
Tegucigalpa
21%
Wellington
21%
Malabo
17%

Score Distribution

Percentile by Number Answered

Percent of People with Each Score

Your Score History

You have not taken this quiz since the last reset